000 00440cam a2200169ua 4500
001 6432
008 131207n ii |||frmmmmZ001|0|asm
040 _cMAIN
082 _a519.5
245 _aGanit sikshan padhati
_cBy Bijoy Krishna Dev-Sarma
260 _aGuwahati:
_bAshok book stall,
_c2013.
300 _axiv,320p.
653 _aCommerce
653 _aGanit Sikshan padhati
700 _aDev-Sarma,Bijoy Krishna,
_eAuthor.
942 _cBK
999 _c5581
_d5581